مكتبة جامعة عجلون الوطنية

فهرس بحث المكتبة

Normal view MARC view
  • Mishra, Sujit Kumar

Entry Personal Name

Number of records used in: 1

001 - CONTROL NUMBER

  • control field: 6442

003 - CONTROL NUMBER IDENTIFIER

  • control field: JO-AjAnu

005 - DATE AND TIME OF LATEST TRANSACTION

  • control field: 20230606071338.0

008 - FIXED-LENGTH DATA ELEMENTS

  • fixed length control field: 230606|| aca||aabn | a|a d

040 ## - CATALOGING SOURCE

  • Original cataloging agency: JO-AjAnu
  • Transcribing agency: JO-AjAnu

100 ## - HEADING--PERSONAL NAME

  • Personal name: Mishra, Sujit Kumar

670 ## - SOURCE DATA FOUND

  • Source citation: Work cat.: (JO-AjAnu)3338: Mishra, Sujit Kumar, author, fundamental of Android App Development: Android Development for Beginners to learn Andriod Technology, SQLite,Firebase and Unity